000 00407cam a2200169 4500
001 M830
008 090401t1954 xxu||||| |||| 00| 0 eng d
035 _a(Sirsi) u5702
041 _aeng
110 _aUnited Kingdom
_kLaws, etc
_95044
245 _aTown and Country Planning Act, 1954.
260 _aLondon
_bHMSO
_c1954
300 _aiv,107p. ; 25cm.
350 _a0
942 _n0
948 _c04/03/1997
999 _c86199
_d86199